000 01288namaa2200313 cb4500
001 BV005305351
003 DE-70
005 20250902132029.0
007 tu
007 7
008 920527s1980 a||| |||| 00||| und d
020 _a9783112206492
_9978-3-11-220649-2
024 _a9783112206492
_a978-3-11-220649-2
040 _cRU-10907106
041 _aeng
100 _aOlschowsky, Burkhard (Hrsg.); Juszkiewicz, Piotr (Hrsg.); Rydel, Jan (Hrsg.)
_4aut
_966814
245 _aCentral and Eastern Europe after the First World War
_cEdited by Burkhard Olschowsky, Piotr Juszkiewicz, Jan Rydel Translated by Sarah Patey et al.
264 _aBerlin/München/Boston
_bDe Gruyter; De Gruyter Oldenbourg
_c2021
300 _a436 Seiten
336 _2rdacontent
_btxt
_aText
337 _2rdamedia
_bbc
_aComputermedien
338 _2rdacarrier
_bcr
_aOnline Ressource
490 _aSchriften des Bundesinstituts fèur Kultur und Geschichte der Deutschen im èostlichen Euro
500 _aE-Book / Open Access
506 _afrei zugänglich / Bitte beachten Sie die Lizenzbestimmungen im Dokument
655 _aOpen Access
856 _zfrei zugänglich
_uhttps://dokumen.pub/central-and-eastern-europe-after-the-first-world-war-9783110757163-9783110597158.html
942 _cEB
_2z
999 _c72764
_d72764